ბათუმის შოთა რუსთაველის სახელმწიფო უნივერსიტეტის ბიბლიოთეკა

თოვლიან მთებში (ბიბ.ჩანაწერი № 50529)

000 -LEADER
fixed length control field 00842nam a2200229Ia 4500
001 - CONTROL NUMBER
control field 17478
003 - CONTROL NUMBER IDENTIFIER
control field GE_BSU
008 - FIXED-LENGTH DATA ELEMENTS--GENERAL INFORMATION
fixed length control field 181216s||||||||xx |||||||||||||| ||und||
040 ## - CATALOGING SOURCE
Transcribing agency GE_BSU
080 ## - UNIVERSAL DECIMAL CLASSIFICATION NUMBER
Universal Decimal Classification number 087.5:796.525(479.22)
100 ## - MAIN ENTRY--PERSONAL NAME
Personal name კეცხოველი,ნ.
245 ## - TITLE STATEMENT
Title თოვლიან მთებში
245 ## - TITLE STATEMENT
Remainder of title იალბუზი. I წიგნი
245 ## - TITLE STATEMENT
Statement of responsibility, etc. გან. სახ. კომ. სოც. აღზრდ.მთავარმართ. სალიტ.სამხ. სექციის რედაქციით.
260 ## - PUBLICATION, DISTRIBUTION, ETC.
Place of publication, distribution, etc. ტფილისი
260 ## - PUBLICATION, DISTRIBUTION, ETC.
Name of publisher, distributor, etc. სახელგამი
260 ## - PUBLICATION, DISTRIBUTION, ETC.
Date of publication, distribution, etc. 1927
300 ## - PHYSICAL DESCRIPTION
Extent 119,[1]გვ.;23სმ
300 ## - PHYSICAL DESCRIPTION
Accompanying material ილ.
653 ## - INDEX TERM--UNCONTROLLED
Uncontrolled term თოვლიან მთებში:იალბუზი. I წიგნი
942 ## - ADDED ENTRY ELEMENTS (KOHA)
Koha item type წიგნი
ეგზემპლარები
Withdrawn status Lost status Damaged status Not for loan Date acquired Barcode Date last seen Price effective from Koha item type Public note
        2018-12-17 41195 2018-12-17 2018-12-17 წიგნი აგრარული ტექ.ფაკ.